Možnosti mediácie v samospráve, alebo, Od richtára k mediátorovi

Podrobná bibliografia
Hlavný autor: Kutlík, František (mediátor) (Autor)
Ďalší autori: Neukamm, G. (Ilustrátor)
Médium: Kniha
Jazyk:slovenčina
Fyzický popis:31 s. ilustr. 21 cm
Vydavateľské údaje: Bratislava Slovenský inštitút pre mediáciu 2008
ISBN:9788085576382
Vydanie:1. vyd.
Predmet:

MARC

LEADER 00000nam a2200000 a 4500
001 vtls009283730
003 SK-MaSNL
005 20260301125423.0
008 240315s2008 xo a d 000 0 slo
015 |a SNBA2008/05-02345 
020 |a 9788085576382  |q (brož.) 
035 |a A7D6472C-A412-456D-B6D9-74AA9D7A1B5D 
035 |a urn:nbn:sk:snk-amk7po 
035 |a urn:nbn:sk:snk-am008j9c 
040 |a SNK  |b slo  |c SNK  |e AACR2 
041 0 |a slo 
044 |a xo  |c SK 
072 7 |a 364-1/-7  |x Druhy sociálnej pomoci a služieb  |2 konspekt 
080 |a 353  |2 2001 
080 |a 364-78  |2 2001 
080 |a 316.772.4  |2 2001 
080 |a (035)  |2 2001 
080 |a 316.48  |2 2001 
100 1 |a Kutlík, František  |c (mediátor)  |4 aut  |9 179410 
245 1 0 |a Možnosti mediácie v samospráve, alebo, Od richtára k mediátorovi  |c František Kutlík ; [ilustrácie: G. Neukamm] 
246 3 0 |a Od richtára k mediátorovi 
250 |a 1. vyd. 
260 |a Bratislava  |b Slovenský inštitút pre mediáciu  |c 2008 
300 |a 31 s.  |b ilustr.  |c 21 cm 
366 |e 2000 výt. 
500 |a Spoluvydav. Združenie miest a obcí Slovenska 
650 0 7 |a územná správa  |2 SNKPH  |9 801 
650 0 7 |a meditácia  |2 SNKPH  |9 2005 
650 0 7 |a interpersonálna komunikácia  |2 SNKPH  |9 2690 
650 0 7 |a interpersonálne konflikty  |2 SNKPH  |9 4475 
655 7 |a príručky  |2 SNKPH  |9 74364 
700 1 |a Neukamm, G.  |4 ill  |9 475357 
919 |a 978-80-85576-38-2 
958 |a OND 
968 |d 35/354 
999 |c 742381  |d 744311 
952 |a SNK  |b SNK  |y PREZ  |7 0  |p 17A0584507  |o snkSC 131568  |i snk2008/8144  |8 0  |0 0  |1 0  |4 0  |d 2008-04-09  |f 1  |l 0  |r 2025-06-23 00:00:00  |w 2026-02-23 
952 |a SNK  |b SNK  |y VYP  |7 0  |p 17A0602672  |o snkSC 131568 D1  |i snk2008/8145  |8 0  |0 0  |1 0  |4 0  |d 2008-04-09  |l 0  |r 2026-02-23 23:04:35  |w 2026-02-23